Normal view
MARC view
- Chapman Taylor Partners
Entry Corporate Name
001 - CONTROL NUMBER
- control field: 5251
003 - CONTROL NUMBER IDENTIFIER
- control field: SIRSI
005 - DATE AND TIME OF LATEST TRANSACTION
- control field: 20190806150241.0
008 - FIXED-LENGTH DATA ELEMENTS
- fixed length control field: 070703n| aaannaabn |n ana d
040 ## - CATALOGING SOURCE
- Original cataloging agency: OSt
- Transcribing agency: OSt
110 ## - HEADING--CORPORATE NAME
- Corporate name or jurisdiction name as entry element: Chapman Taylor Partners
670 ## - SOURCE DATA FOUND
- Source citation: The Grosvenor estate strategy for Mayfair and Belgravia, 1971